| 000 | 01079nam a2200229Ia 4500 | ||
|---|---|---|---|
| 999 |
_c36869 _d36869 |
||
| 001 | 2818 | ||
| 003 | GE_BSU | ||
| 005 | 20190507103034.0 | ||
| 008 | 181216s2004||||ge |||||||||||||| ||geo|| | ||
| 040 | _cGE_BSU | ||
| 041 | _ageo | ||
| 080 | _a330.1(076) გ–19 | ||
| 245 |
_aგამოყენებითი ეკონომიკა= Junior Achirement-Applied Economics:დამხმარე სახელმძღ. / _cინგ. თარგმნა გიორგი მელაძემ ; რედ : ეკა გეგეშიძე |
||
| 250 | _aქართ. თარგმნა. 1 გამოცემა | ||
| 264 |
_aთბილისი .: _bსომა პრესს, _c2004. |
||
| 300 |
_a205 გვ ; _c28 სმ. |
||
| 653 | _aგამოყენებითი ეკონომიკა | ||
| 653 | _aეკონომიკა | ||
| 700 |
_aმელაძე, გიორგი _eმთარგმნელი _9826 |
||
| 700 |
_a გეგეშიძე, ევა _eრედაქტორი _9827 |
||
| 942 |
_cBK _2udc |
||